Statistics for Eurovision Song Contest 2013

Click here to take the quiz!

General Stats

  • This quiz has been taken 245 times
  • The average score is 38 of 78

Answer Stats

CountryArtist or Song% Correct
Danish SongOnly Teardrops
85%
Danish ActEmmelie de Forest
78%
Dutch SongBirds
76%
Austrian SongShine
75%
Dutch ActAnouk
75%
Swedish SongYou
73%
British ActBonnie Tyler
73%
Ukrainian SongGravity
70%
German ActCascada
69%
Greek SongAlcohol Is Free
69%
Azerbaijani SongHold Me
66%
Russian SongWhat If
66%
Finnish SongMarry Me
65%
British SongBelieve in Me
62%
Maltese SongTomorrow
62%
Norwegian SongI Feed You My Love
61%
Belgian SongLove Kills
61%
German SongGlorious
61%
Sammarinese ActValentina Monetta
61%
Norwegian ActMargaret Berger
56%
Romanian SongIt's My Life
56%
Austrian ActNatália Kelly
56%
Romanian ActCezar
55%
Irish SongOnly Love Survives
55%
Moldovan SongO Mie
54%
Hungarian SongKedvesem (Zoohacker Remix)
54%
Belarusian SongSolayoh
54%
Serbian ActMoje 3
54%
Georgian SongWaterfall
53%
Icelandic SongÉg á Líf
52%
Montenegrine SongIgranka
51%
Armenian SongLonely Planet
51%
Slovenian SongStraight Into Love
51%
Latvian SongHere We Go
50%
Ukrainian ActZlata Ognevich
50%
Russian ActDina Garipova
50%
Slovenian ActHannah
50%
Bulgarian SongSamo Shampioni
49%
Irish ActRyan Dolan
49%
Swiss SongYou and Me
48%
Belgian ActRoberto Bellarosa
48%
Estonian ActBirgit
48%
Hungarian ActByeAlex
48%
Azerbaijani ActFarid Mammadov
47%
Sammarinese SongCrisalide (Vola)
47%
Finnish ActKrista Siegfrids
46%
Maltese ActGianluca
46%
Swedish ActRobin Stjernberg
46%
Croatian SongMižerja
45%
Moldovan ActAliona Moon
45%
Italian SongL'Essenziale
45%
Lithuanian SongSomething
44%
Montenegrine ActWho See
44%
Latvian ActPeR
44%
Italian ActMarco Mengoni
41%
French SongL'Enfer et Moi
41%
Spanish ActESDM
40%
Swiss ActTakasa
40%
Israeli SongRak Bishvilo
39%
Serbian SongLjubav Je Svuda
36%
Israeli ActMoran Mazor
36%
Estonian SongEt Uus Saaks Alguse
35%
Spanish SongContigo Hasta el Final
35%
Armenian ActDorians
34%
Belarusian ActAlyona Lanskaya
34%
Croatian ActKlapa s Mora
33%
French ActAmandine Bourgeois
33%
Albanian SongIdentitet
32%
Lithuanian ActAndrius Pojavis
28%
Cypriotic ActDespina Olympiou
27%
Act of F.Y.R. MacedoniaEsma and Lozano
26%
Bulgarian ActElitsa Todorova and Stoyan Yankulov
26%
Cypriotic SongAn Me Thimasai
23%
Song of F.Y.R. MacedoniaPred da Se Razdeni
21%
Icelandic ActEyþór Ingi
20%
Greek ActKoza Mostra feat. Agathon Iakovidis
11%
Albanian ActAdrian Lulgjuraj and Bledar Sejko
7%
Georgian ActNodi Tatishvili and Sophie Gelovani
7%

Score Distribution

Percentile by Number Answered

Percent of People with Each Score

Your Score History

You have not taken this quiz